000 01425cam a2200301 4500
008 000000n2000 000 0 eng u
020 _a1842190393
022 _a1354-506X
035 _a(Sirsi) u109959
050 _a333.337
100 _aLizeri, Colin M.
245 _aChanges and flexibility
_bthe role of serviced office space in corporate property portfolios and office markets.
260 _aLondon
_bRICS Research Foundation
_c2000
300 _a33p.
_c30cm.
490 _aRICS Foundation Research Papers
_v3(12)
520 _aExamines serviced offices to determine both their place within the business space market and the way in which they are perceived and used by occupiers.
520 _aAvailable to download, by subscription or one-off payment, at www.rics-foundation.org. RICS members may also view the research via the public access terminals in the RICS Library - please ask Library Staff for details.
650 _aOFFICES
650 _aSERVICED OFFICES
650 _aOFFICE OCCUPIERS
650 _aSUPPLY AND DEMAND
650 _aPROPERTY MARKET
690 _aPROPERTY-COMMERCIAL PROPERTY-COMMERCIAL PROPERTY MARKET
700 _aGibson, Virginia A.
710 _aRoyal Institution of Chartered Surveyors
_bResearch Foundation
_93861
856 _uhttps://www.rics.org/site/scripts/download_info.aspx?downloadID=2113
_vView the research on the RICS Foundation website...
942 _n0
999 _c101026
_d101026